Statistiques concernant Candidats de gauche au second tour des présidentielles 5ème république

Cliquez ici pour prendre le quiz!

Statistiques générales

  • Ce quiz a été pris 111 fois
  • Le résultat moyen est 7 sur 7

Statistiques - réponses

ÉlectionCandidat% Correct
2012François Hollande
100%
1965François Mitterrand
99%
1974François Mitterrand
99%
1981François Mitterrand
99%
1988François Mitterrand
99%
2007Ségolène Royal
96%
1995Lionel Jospin
95%

Distribution des résultats

Percentile par nombre de réponses

% des personnes avec chaque résultat

Votre développement - résultats

Vous n’avez pas pris ce quiz